आजीवन स्वस्थ कैसे रहें / (Record no. 54042)

MARC details
000 -LEADER
fixed length control field 01247nam a22002897a 4500
005 - DATE AND TIME OF LATEST TRANSACTION
control field 20101206113148.0
008 - FIXED-LENGTH DATA ELEMENTS--GENERAL INFORMATION
fixed length control field 101206t xxu||||| |||| 00| 0 hin d
010 ## - LCCN (DPL NO)
LC control number HIN-93273
020 ## - INTERNATIONAL STANDARD BOOK NUMBER
Terms of availability 170.00
International Standard Book Number 8190261096
035 ## - SYSTEM CONTROL NUMBER
System control number HN-65619
037 ## - SOURCE OF ACQUISITION
Source of stock number/acquisition DBAD/PUB
040 ## - CATALOGING SOURCE
Original cataloging agency DPL
Language of cataloging HN
082 ## - DEWEY DECIMAL CLASSIFICATION NUMBER
Classification number 613
100 ## - MAIN ENTRY--PERSONAL NAME
9 (RLIN) 24598
Personal name पाण्डेय, प्रभुदेव
245 ## - TITLE STATEMENT
Title आजीवन स्वस्थ कैसे रहें /
Statement of responsibility, etc प्रभुदेव पाण्डेय
250 ## - EDITION STATEMENT
Edition statement 2रा संस्क
260 ## - PUBLICATION, DISTRIBUTION, ETC. (IMPRINT)
Place of publication, distribution, etc इलाहाबाद
Name of publisher, distributor, etc सर्वेश प्रकाशन
Date of publication, distribution, etc 2009
270 ## - ADDRESS
City इलाहाबाद
Address 1, बाई का बाग
Postal code 211003
300 ## - PHYSICAL DESCRIPTION
Extent 136पृ.
Dimensions 22सेमी (सजिल्द)
500 ## - GENERAL NOTE
General note प्राकृतिक जीवन पद्धति पर आधारित सभी आयुवर्ग के लिए उपयोगी
650 ## - SUBJECT ADDED ENTRY--TOPICAL TERM
9 (RLIN) 1169
650 ## - SUBJECT ADDED ENTRY--TOPICAL TERM
9 (RLIN) 29580
700 ## - ADDED ENTRY--PERSONAL NAME
9 (RLIN) 24599
700 ## - ADDED ENTRY--PERSONAL NAME
9 (RLIN) 24924
942 ## - ADDED ENTRY ELEMENTS (KOHA)
Source of classification or shelving scheme Dewey Decimal Classification
Item type Hindi Books
Call number suffix पाण्डेय
Classification part 613
Holdings
Withdrawn status Lost status Source of classification or shelving scheme Damaged status Not for loan Collection code Home library Current library Date acquired Source of acquisition Cost, normal purchase price Total Checkouts Full call number Barcode Date last seen Copy number Cost, replacement price Koha item type
    Dewey Decimal Classification   Not For Loan Non-fiction D.B.Act.Division D.B.Act.Division 19/07/2011 DBAD / PUB 170.00   613 पाण्डेय HN-65619 19/07/2011 1 170.00 Hindi Books

© Delhi Public Library
Hit Counter
free hit counter